000
00236nam a2200097Ia 4500
005
20251222114351.0
008
251222s1900||||xx |||||||||||||| ||spa||
082
_a
DVD0010/S31/1998
245
0
_a
Enemigo público:Enemy of state
942
_c
DVD
999
_c
1263
_d
1263